| 000 | 00572nam a2200193 i 4500 | ||
|---|---|---|---|
| 001 | 26749 | ||
| 003 | ES-MaACL | ||
| 005 | 20251019063038.0 | ||
| 007 | t| | ||
| 008 | 030110s1877 gw ||||1| eng d | ||
| 100 | 1 |
_aAusten, Jane, _d1775-1817 _9242382 |
|
| 245 | 1 | 0 |
_aEmma _b: novel / _cby Jane Austen. |
| 260 |
_aLeipzig : _bBeruhard Tauchnit, _c1877. |
||
| 300 |
_a456 p. ; _c16 cm. |
||
| 490 | 1 |
_aCollection of British authors ; _v1645 |
|
| 830 | 0 |
_aCollection of British authors ; _v1645 _9180703 |
|
| 852 |
_aES-MaACL _jG-12166 |
||
| 999 |
_c26749 _d26749 |
||